000
00274nam a2200133Ia 4500
100
_a
Scheck/L.A.
942
_c
RB
654
_a
Welding
245
_a
Practical Welding
260
_b
Collier Maemillan
_a
London
_c
76
082
_a
671.52
300
_a
150
546
_a
ENGLISH
999
_c
20731
_d
20731